|
|
|
|
| LEADER |
00000nab a2200000 a 4500 |
| 001 |
vtls000748947 |
| 003 |
SK-MaSNL |
| 005 |
20260303223004.0 |
| 008 |
180207c1999 xo 0 eng |
| 015 |
|
|
|a SNBRB2001/04-10474
|
| 035 |
|
|
|a CLN000100763
|
| 040 |
|
|
|a SNKBUCL
|b slo
|c SNKBUCL
|e AACR2
|
| 041 |
0 |
|
|a eng
|
| 044 |
|
|
|a xo
|c SK
|
| 080 |
|
|
|a 582.251:575.113
|2 1997
|
| 080 |
|
|
|a 575.113
|2 1997
|
| 245 |
0 |
0 |
|a Regulation of expression of nuclear-encoded genes for chloroplast proteins in Euglena gracilis and Astasia longa
|c R. Vacula ... [et al.]
|
| 650 |
0 |
7 |
|a gény
|2 snkbucl
|9 20152
|
| 650 |
0 |
7 |
|a chloroplasty
|2 snkbucl
|9 16288
|
| 650 |
0 |
7 |
|a proteíny
|2 snkbucl
|9 14974
|
| 650 |
0 |
7 |
|a červenoočko štíhle
|2 snkbucl
|9 243014
|
| 650 |
0 |
7 |
|a Astasia longa
|2 snkbucl
|9 1257084
|
| 650 |
0 |
7 |
|a kongresy
|2 snkbucl
|9 19200
|
| 655 |
|
7 |
|a články z novín a časopisov
|2 snkbucl
|9 267496
|
| 700 |
1 |
|
|a Vacula, R.
|4 aut
|9 835690
|
| 700 |
1 |
|
|a Löffelhardt, W.
|4 aut
|9 835691
|
| 700 |
1 |
|
|a Steiner, J.M.
|4 aut
|9 1257085
|
| 700 |
1 |
|
|a Krajčovič, Jozef,
|d 1951-
|4 aut
|9 201353
|
| 773 |
0 |
|
|x 1211-3395
|t Scripta medica
|g Roč. 72, č. 8 (1999), s. 393-394
|
| 850 |
|
|
|a Slovenská národná knižnica v Martine
|
| 852 |
|
|
|a SNK
|b KIS3GCP
|
| 958 |
|
|
|a MI
|
| 958 |
|
|
|a RBX
|
| 999 |
|
|
|c 2245421
|d 2247351
|